000 00345nam a2200145Ia 4500
008 181130s2018 xx 000 0 und d
100 _aRao, A.V.V.S.K.
245 _aAmbitious, populist and unprogressive budget
260 _c2018
300 _ap.30-35.
504 _d23-Jun
650 _aBudget
773 _aMainstream
906 _aBudget
999 _c506398
_d506398